000 00719nam a2200205 a 4500
001 000043065
005 20201002040618.0
008 140218s1988 xxua r 000 1 spa d
020 _a055305340X
040 _aDO-SdBNP
_bspa
_cBNPHU
082 _axxxx
_bH392b
100 1 _aHawking, Stephen,
_c1942-
_970589
245 1 0 _aA Brief History of Time :
_bfrom the big bang to blak holes /
_cStephen W. Hawking ; introducción Carl Sagan ; ilustración Ron Miller.
260 _aToronto, New York :
_bBantam Books,
_c1988.
300 _aix, 198 p. :
_bil. ;
_c24 cm.
500 _aIncluye índice y glosario
590 _aInventariado, 2019/BT
700 1 _aSagan, Carl,
_eintrod.
_966997
700 1 _aMiller, Ron,
_eil.
_970590
999 _c42554
_d42554